000 03977 a2201093 04500
003 PE-LiUPU
005 20250813185654.0
008 050518s1965 spa d
040 _bspa
_cPE-LiUPU
_dPE-LiUPU
_erda
082 0 4 _a370.9
_220
_bC196m
100 1 _aCampillo Cuauhtli, Héctor
_eautor.
245 1 0 _aManual de historia de la educación :
_bEnsayos pedagógicos /
_cH. Campillo Cuauhtli.
250 _aSegunda edición.
264 _aMéxico :
_bLuis Fernández ;
_c1959.
300 _a319 páginas ;
_c17 centímetros.
490 _a(Ensayos pedagógicos
_vXXI)
505 _aLa educación primitiva -- La transición de la educación natural a la educación organizada -- El momento tradicionalista -- Caracteres particulares de la educación tradicionalista en los distintos pueblos orientales -- La educación helénica: caracteres originarios -- Dos modalidades de la educación griega -- Período en que se desenvuelve la educación griega: breves caracterizaciones -- Los períodos cretense, homérico y jónico -- Los sofistas -- El momento filosófico -- La época helenística -- La educación latina y su evolución -- Personalogía y latino-pagana --Personalogía latino-cristiana: Los Padres de la Iglesia -- Los núcleos de conservación y restauración cultural -- El movimiento escolar en la alta Edad Media -- Los árabes -- La Escolástica -- Los hechos educativos y escolares en la baja Edad Media -- Renacimiento y Humanismo -- Luis Vives, exponente de la Pedagogía humanista -- Otros escritores y realizadores del siglo XVI -- Reforma y Contrarreforma -- La renovación metodológica: la era didáctica de la Historia de la Educación -- Juan Amos Komensky (Comenio), exponente de la época didáctica -- John Locke -- Fenelón y el principio de la Pedagogía deleitable -- El movimiento escolar de los siglos XVI y XVI: la culminación del pesimismo filosófico y pedagógico -- La época de la "Ilustración" -- El naturalismo: Rousseau - - De Rousseau a Pestalozzi -- La revolución francesa -- Pestalozzi (1746-1827) -- Herbart -- Froebel -- El progreso pedagógico en los dos primeros tercios del siglo XIX -- La Pedagogía positivista -- El progreso escolar en el siglo XIX -- La educación contemporánea.
526 _aP202
526 _aP201
526 _aP163
526 _aP162
526 _aP161
526 _aP160
526 _aP148
526 _aP147
526 _aP146
526 _aP145
526 _aP144
526 _aP143
526 _aP142
526 _aP141
526 _aP140
526 _aP139
526 _aP138
526 _aP137
526 _aP136
526 _aP135
526 _aP134
526 _aP133
526 _aP129
526 _aP128
526 _aP127
526 _aP120
526 _aP119
526 _aP118
526 _aP116
526 _aP115
526 _aP114
526 _aP110
526 _aP109
526 _aP108
526 _aP104
526 _aP103
526 _aP102
526 _aP99
526 _aP98
526 _aP97
526 _aP96
526 _aP95
526 _aP93
526 _aP90
526 _aP89
526 _aP88
526 _aP83
526 _aP82
526 _aP62
526 _aP59
526 _aP58
526 _aP57
526 _aP51
526 _aP49
526 _aP48
526 _aP47
526 _aP29
526 _aP24
526 _aP20
526 _aP19
526 _aP17
526 _aP15
526 _aP14
526 _aP12
526 _aP10
526 _aP09
526 _aP08
526 _aP07
526 _aP06
526 _aP05
526 _aP04
526 _aP01
650 1 4 _aEducación
_xHistoria
942 _2ddc
_cBK
_n0
980 _623148
_aAnálisis Documental EVILA ACOSTA
_81
_gALBERTO SANCHEZ Responsable de Automatización
999 _c61831
_d61831